|
|
|
|
| LEADER |
00000cam a2200000 7i4500 |
| 001 |
0000002333 |
| 005 |
20030527.0 |
| 020 |
0 |
0 |
|a 9221062171
|
| 090 |
0 |
0 |
|a 634.98
|b WOO 1987
|
| 245 |
0 |
0 |
|a WOOD harvesting with hand tools :
|b an illustrated training manual
|
| 260 |
0 |
0 |
|a Geneva :
|b International Labour Office ,
|c 1987
|
| 300 |
|
|
|a vii, 115 p. :
|b ill. ;
|c 24 cm.
|
| 500 |
0 |
0 |
|a Includes bibliographical references (p. 2)
|
| 650 |
0 |
0 |
|a Forests and forestry
|x Equipment and supplies
|x Handbooks, manuals, etc.
|
| 650 |
0 |
0 |
|a Logging
|x Handbooks, manuals, etc.
|
| 710 |
1 |
1 |
|a International Labour Office
|
| 998 |
|
|
|a JPSM
|
| 999 |
|
|
|a 0000004148
|b Monograph
|c Open Shelf
|e Default branch
|